Catálogo

MEDIO MILENIO DE EVANGELIZACION (Registro nro. 9654)

Detalles MARC
000 -LEADER
fixed length control field 00473nam a2200169 a 4500
001 - CONTROL NUMBER
control field 9654
005 - DATE AND TIME OF LATEST TRANSACTION
control field 20180713193652.0
008 - FIXED-LENGTH DATA ELEMENTS--GENERAL INFORMATION
fixed length control field 140415s2000 mx 000 0 spa d
041 ## - LANGUAGE CODE
Language code of text/sound track or separate title spa
082 ## - DEWEY DECIMAL CLASSIFICATION NUMBER
Classification number 269.2
Item number ALV
100 1# - MAIN ENTRY--PERSONAL NAME
Personal name ALVEAR ACEVEDO, CARLOS
245 10 - TITLE STATEMENT
Title MEDIO MILENIO DE EVANGELIZACION
250 ## - EDITION STATEMENT
Edition statement 1a ed.
260 ## - PUBLICATION, DISTRIBUTION, ETC.
Place of publication, distribution, etc. MEXICO :
Name of publisher, distributor, etc. FUNDACION PRO DIFUSION CULTURAL DEL MEDIO MILENIO,
Date of publication, distribution, etc. 2000
300 ## - PHYSICAL DESCRIPTION
Extent 93
650 14 - SUBJECT ADDED ENTRY--TOPICAL TERM
Topical term or geographic name entry element APOSTOLES
General subdivision EVANGELISTAS
Existencias
Withdrawn status Lost status Source of classification or shelving scheme Damaged status Not for loan Collection code Home library Current library Shelving location Date acquired Source of acquisition Inventory number Total Checkouts Full call number Barcode Date last seen Price effective from Koha item type
    Dewey Decimal Classification     General Biblioteca Karol Wojtyla Biblioteca Karol Wojtyla Sala general 03/12/2013 Compra 151000000000000000058811   269.2 ALV 24040 05/01/2026 03/12/2013 Libro